Ročenka priemyslu SR 2000

Salvato in:
Dettagli Bibliografici
Natura: Libro
Lingua:slovacco
inglese
Pubblicazione: Bratislava Štatistický úrad Slovenskej republiky 2000
Soggetti:
Tags: Aggiungi Tag
Nessun Tag, puoi essere il primo ad aggiungerne!!

MARC

LEADER 00000nam a2200000 4500
001 c122982
005 20240104101129.8
041 0 |a slo 
041 0 |a eng 
044 |a SK 
245 1 0 |a Ročenka priemyslu SR 2000 
264 1 |a Bratislava  |b Štatistický úrad Slovenskej republiky  |c 2000 
300 |a 213 s. 
610 2 0 |a priemysel 
610 2 0 |a podnik 
610 2 0 |a práca 
610 2 0 |a pracovníci 
610 2 0 |a financie 
610 2 0 |a investície 
610 2 0 |a tržby 
610 2 0 |a spotreba 
610 2 0 |a Slovensko